000 00403 a2200121 4500
001 ART_10900
005 20260410161849.0
008 260409a
245 1 0 _aLa tasa social de retorno al capital en Argentina 1935-1973. Un intento de estimación
100 1 _aReca, Lucio G.
700 1 _aVerstraeten, Juan
773 0 _tEconómica
_g- Año XXVII, Nº 1/2 (ene./ago. 1981)
_wREV7541
999 _c24806
_d24806